1241 1633 1649 1405 1295 1721 1924 1029 1558 1495 1980 1274 1361 1475 1041 1165 1298 1123 1767 1372 1758 1813 1726 1212 1358 1304 1560 1854 1756 1039 1088 1080 1003 1334 1733 1832 1798 1171 1487 1807 1091 1182 1690 1571 1364 1243 1816 1840 1527 1590 1880 1750 1066 1201 1304 1399 1118 1046 1618 1254 1228 1435 1821 1865 1449 1608 1877 1007 1279 1498 1216 1980 1477 1143 1644 1077 1896 1917 1787 1064 1236 1565 1030 1056 1781 1893 1451 1332 1899 1023 1874 1414 1612 1486 1111 1635 1223 1461 1773 BCNSPRNW ULIB Ver.6.0+V

เปลี่ยนเป็นภาษาไทย

Change to English
 แสดงรายละเอียดบรรณานุกรม
  กลับหน้าหลัก

Brief Record : Get Marc (ISO 2709) : E-mail record : QR code < ปิดหน้าต่าง
LEADER : 00000nam 2200000uu 4500
001    13399122726
003     ULIB
008    020711s2555 th a 000 0 tha d
020    9786162132247
050  4 DS520^bก271ก
100    กฤชกร เพชรนอก
245    กุมุสตา...ฟิลิปปินส์/^cกฤชกร เพชรนอก
250    พิมพ์ครั้งที่ 1
260    กรุงเทพฯ :^bสกายบุ๊กส์,^c2555
300    72 หน้า
440  0 ชุด ประชาคมอาเซียนฉบับการ์ตูน
650  7 อาเซียน^xเสริมความรู้
650  7 ฟิลิปปินส์
945    ^p119^l0^i20168
999    ^aทศพร เกษรทอง
รายการนี้ยังไม่มีแท็ก
คุณยังไม่ได้ล็อกอิน คุณสามารถมีกิจกรรมร่วมกับเว็บไซต์ได้ แต่ต้องล็อกอินก่อน ::
  ล็อกอิน

รายการสื่อสารสนเทศ

ลำดับที่ ประเภท เลขเรียก/บาร์โค้ด สถานที่ สถานะ
1. การศึกษาทั่วไป
การศึกษาทั่วไป
DS520 ก271ก ฉ.1 
  Barcode: 20168
ห้องสมุดวิทยาเขตนครสวรรค์
►หนังสือทั่วไป:l:General Books
บนชั้น

รายการใกล้เคียง
    ผู้แต่ง [กฤชกร เพชรนอก]

    หัวเรื่อง [ฟิลิปปินส์]

BibComment


ยังไม่เคยถูกคอมเมนท์

คอมเมนท์ทรัพยากรรายการนี้
  คอมเมนท์: กุมุสตาฟิลิปปินส์..


 Copyright 2026. Bcnsprnw @Library